000 00683nam a2200169 i 4500
001 98323
003 ES-MaACL
007 t|
008 050728s1953 sp ||||1| spa d
100 1 _aMartín, Andrés.
_977265
245 1 0 _aHistoria de los sucesos militares de la División de Navarra y demás acontecimientos de este reyno durante la última guerra contra el tirano Napoleón /
_cpor Don Andrés Martín; revisión y prólogo por J. Mª. Iribarren.
260 _aPamplona :
_bReal Cofradía del Gallico de San Cernin,
_c1953.
300 _aXV, 132 p. ;
_c18 cm.
500 _aEs el Tomo I.
700 1 _aIribarren, José María.
_965454
852 _aES-MaACL
_jE-3738
_bR.35193
999 _c98323
_d98323